ELECTRICAL MEASUREMENTS AND MEASURING INSTRUMENTS (Record no. 50127)

MARC details
000 -LEADER
fixed length control field 00361nam a2200133Ia 4500
008 - FIXED-LENGTH DATA ELEMENTS--GENERAL INFORMATION
fixed length control field 220530s9999 xx 000 0 und d
041 ## - LANGUAGE CODE
Language code of text/sound track or separate title eng
082 ## - DEWEY DECIMAL CLASSIFICATION NUMBER
Classification number 621.3
Item number RAJ
100 ## - MAIN ENTRY--PERSONAL NAME
Personal name RAJPUT R K
9 (RLIN) 54895
245 ## - TITLE STATEMENT
Title ELECTRICAL MEASUREMENTS AND MEASURING INSTRUMENTS
260 ## - PUBLICATION, DISTRIBUTION, ETC. (IMPRINT)
Place of publication, distribution, etc. New Delhi
Name of publisher, distributor, etc. S. Chand Publishers
Date of publication, distribution, etc. 2009
300 ## - PHYSICAL DESCRIPTION
Extent 415 P
Other physical details PB
906 ## - LOCAL DATA ELEMENT F, LDF (RLIN)
a 81.25
b ETC
Holdings
Withdrawn status Lost status Damaged status Not for loan Collection code Home library Current library Date acquired Vendor Cost, normal purchase price Full call number Barcode Date last seen Cost, replacement price Bill Date Koha item type Original Barcode
        Electronic & Telecommunication Engineering Cummins College of Engineering for Women Nagpur Cummins College of Engineering for Women Nagpur 29/07/2011 International Book House Pvt Ltd 325.00 621.3/RAJ CEWN-BK-2705 30/05/2022 243.75 30/05/2022 Books 002705